The horse tree / (Record no. 2278)

MARC details
000 -LEADER
fixed length control field 01284nam a22002777a 4500
001 - CONTROL NUMBER
control field 2278
003 - CONTROL NUMBER IDENTIFIER
control field FISKH
005 - DATE AND TIME OF LATEST TRANSACTION
control field 20231114145550.0
008 - FIXED-LENGTH DATA ELEMENTS--GENERAL INFORMATION
fixed length control field 231114b cb ||||| |||| 00| 0 eng d
020 ## - INTERNATIONAL STANDARD BOOK NUMBER
International Standard Book Number 0241105269
020 ## - INTERNATIONAL STANDARD BOOK NUMBER
International Standard Book Number 9780241105269
040 ## - CATALOGING SOURCE
Original cataloging agency FISKH
Language of cataloging eng
Transcribing agency FISKH
Modifying agency FISKH
050 ## - LIBRARY OF CONGRESS CALL NUMBER
Classification number PZ7.R8854
082 ## - DEWEY DECIMAL CLASSIFICATION NUMBER
Classification number 823.9I
100 ## - MAIN ENTRY--PERSONAL NAME
Personal name Ruffell, Ann
245 ## - TITLE STATEMENT
Title The horse tree /
Statement of responsibility, etc. by Ann Ruffell ; illustrated by Sally Holmes
260 ## - PUBLICATION, DISTRIBUTION, ETC.
Place of publication, distribution, etc. London :
Name of publisher, distributor, etc. Hamish Hamilton,
Date of publication, distribution, etc. 1980.
300 ## - PHYSICAL DESCRIPTION
Extent 94 pages :
Other physical details illustrations ;
Dimensions 19 cm
505 ## - FORMATTED CONTENTS NOTE
Formatted contents note P<br/>
520 ## - SUMMARY, ETC.
Summary, etc. Every day on their way home from school Jennifer and her bossy friend Mary play on the horse tree, an old apple tree in the ground of a long - ruined mansion. When a new housing estate is build in the grounds Jennifer and Mary wonder what will happen to their tree, and whether they will still be allowed to play on it. The tree survives the new building but Mary and Jennifer stop being friends. Jennifer, playing in the horse tree by herself, finds a special hiding place in it and through that - a new friend.
521 8# - TARGET AUDIENCE NOTE
Target audience note 640<br/>
Source Lexile estimate <br/>
521 8# - TARGET AUDIENCE NOTE
Target audience note P<br/>
Source Raz-Plus<br/>
650 ## - SUBJECT ADDED ENTRY--TOPICAL TERM
Source of heading or term Tree
Topical term or geographic name entry element Horse
Form subdivision Juvenile literature
700 ## - ADDED ENTRY--PERSONAL NAME
Personal name Holmes, Sally
Relator term illustrator
942 ## - ADDED ENTRY ELEMENTS (KOHA)
Source of classification or shelving scheme Dewey Decimal Classification
Koha item type Books
Suppress in OPAC No
Holdings
Withdrawn status Lost status Source of classification or shelving scheme Damaged status Not for loan Collection Home library Current library Shelving location Date acquired Total Checkouts Full call number Barcode Date last seen Date last checked out Price effective from Koha item type
    Dewey Decimal Classification     Juvenile Fiction Footprints International School Library Network Toul Kork Campus Footprints International School Library Network Toul Kork Campus TK Primary Library Room(4th Floor), Bookcase 3&4, Shelves 17-32, Yellow Books 11/14/2023 1 RUF 823.9 PZ7.R8854 FISTKG2B023 12/19/2025 08/29/2025 11/14/2023 Books